| 000 | 01524nam0a22003131 4500 | ||
|---|---|---|---|
| 001 | rc\3722489 | ||
| 005 | 20250610064819.0 | ||
| 021 |
_aRU _b89-ВП-1041/1,2 |
||
| 021 |
_aRU _b8238 |
||
| 035 | _a(NLR Aleph) 007774773 | ||
| 090 |
_a7505784 _c7505784 |
||
| 100 | _a20130115d1973 |||y0rusy50 ca | ||
| 101 | 0 | _arus | |
| 102 | _aRU | ||
| 105 | _ay z ||||| | ||
| 200 | 1 |
_aОпыт укрупненных расчетов экономической эффективности новой техники для угольных объединений _fА.И. Сердюк, А.П. Богатырев, П.В. Попов |
|
| 210 |
_aМосква _cЦНИЭИуголь _d1973 |
||
| 215 |
_a35 с. _cграф. _d20 |
||
| 225 | 1 |
_aЭкспресс-информация _fМ-во угол. пром-сти СССР, ЦНИИ экономики и НТИ угол. пром-сти _iСерия "Экономика, организация и управление угольной промышленностью" _iРаботникам экономических служб |
|
| 300 | _aНа обл. авт. не указаны | ||
| 700 | 1 |
_aСердюк _bА.И. _gАлександр Иванович |
|
| 701 | 1 |
_aБогатырев _bА.П. _gАндрей Петрович |
|
| 701 | 1 |
_aПопов _bП. В. _cэкономист _gПетр Васильевич _9244033 _3RU\NLR\AUTH\770244089 |
|
| 801 | 0 |
_aRU _bNLR _gpsbo |
|
| 801 | 1 |
_aRU _bELAR _2rusmarc |
|
| 852 |
_aNLR _j89-4/10358 |
||
| 942 | _cBOOK | ||
| 980 | _aNB | ||